| 000 | 00762nam a2200205 i 4500 | ||
|---|---|---|---|
| 001 | 32100 | ||
| 003 | ES-MaACL | ||
| 005 | 20230906154519.0 | ||
| 007 | t| | ||
| 008 | 030219s1859 sp ||||1| spa d | ||
| 080 | _a336.722(460.27 M.)(055.5) | ||
| 110 | 2 |
_aCaja de Ahorros de Madrid. _92287 |
|
| 245 | 1 | 0 |
_aMemoria anual de la Caja de Ahorros de Madrid y estados generales de su situación y operaciones hasta 31 de diciembre de 1858 / _c[por Jerónimo del Campo]. |
| 260 |
_aMadrid : _b[s.n.], _c1859 ( _fImp. del Colegio de Sordo-Mudos y de Ciegos) |
||
| 300 |
_a8 p., [4] h. ; _c20 cm. |
||
| 610 | 2 | 4 |
_aCaja de Ahorros de Madrid- _vMemorias. _9143740 |
| 700 | 1 |
_aCampo, Jerónimo del. _934196 |
|
| 852 | 4 |
_aES-MaACL _jT-2-F-6 |
|
| 852 | 4 |
_aES-MaACL _jT-74-F-5 |
|
| 999 |
_c32100 _d32100 |
||